Σύγχρονοι παιδαγωγικοί προβληματισμοί
Αποθηκεύτηκε σε:
| Κύριος συγγραφέας: | |
|---|---|
| Μορφή: | Βιβλίο |
| Γλώσσα: | Greek |
| Δημοσίευση: |
Ιωάννινα :
[χ.ό.],
1977
|
| Έκδοση: | 2η έκδ. |
| Θέματα: | |
| Ετικέτες: |
Προσθήκη ετικέτας
Δεν υπάρχουν, Καταχωρήστε ετικέτα πρώτοι!
|
MARC
| LEADER | 00000cam a2200000 i 4500 | ||
|---|---|---|---|
| 001 | 1/91300 | ||
| 008 | 080721s1977 gr | ||| |||| ||gre|| | ||
| 035 | |l 10099105 | ||
| 040 | |a GR-MY-UA |b gre |e aacr | ||
| 041 | 0 | |a gre | |
| 082 | 0 | |a 371.2 |2 (22) | |
| 100 | 1 | |a Κωσταδήμας, Γεώργιος Ν. | |
| 245 | 1 | 0 | |a Σύγχρονοι παιδαγωγικοί προβληματισμοί / |c Γεωργίου Ν. Κωσταδήμα |
| 250 | |a 2η έκδ. | ||
| 260 | |a Ιωάννινα : |b [χ.ό.], |c 1977 | ||
| 300 | |a 2 τ.; |c 22 εκ. | ||
| 504 | |a Περιλαμβάνει βιβλιογραφίες | ||
| 505 | 0 | |a Τ.1. Γνώσις και παιδεία - η ουσία της παιδείας - ψυχολογία και παιδεία - διδασκαλία και παιδεία - σχολείον και παιδεία | |
| 650 | 0 | 0 | |a Education. |
| 650 | 0 | 0 | |a Teaching. |
| 650 | 0 | 0 | |a School management and organization. |
| 650 | 0 | 0 | |a School supervision. |
| 852 | |a INST |b RHODES |c AKA |e 20080721 |h 371.2 ΚΩΣ |p 005400027662 |q 005400027662 |t BK |y 0 | ||
| 901 | |a BIBL4-2008-2 | ||
| 909 | |a Ρ |b 150885 | ||
| 970 | |a ΚΟΖΑ |b ΜΑΡΙΑ |z 2008/07/21 | ||